• 首页
  • 本馆介绍
  • 公告通知
  • 最新文献
  • 馆藏检索
  • 电子资源
  • 读者导购
  • 参考咨询
  • 我的图书馆
  • 登录
  • 详细信息显示
  • 放入我的书架
  • 预约/预借图书
  • 作者相关作品
  • 分类相关作品
  • 丛书相关作品
  • 出版社相关作品

书目信息

  • 表格格式
  • 工作单格式
  • 卡片格式
题名:
白话史记
    
 
作者: 司马迁 著 ;罗宗涛 , 李振兴 , 龙宇纯 译
分册: 上册  
出版信息: 长沙   岳麓书社  1987
页数: 583页
开本: 19cm
丛书名:
单 册:
中图分类: K204.2
科图分类:
主题词: 古代史-中国--纪传体
电子资源:
ISBN: 7-80520-016-5
000 00809nam0 2200289 45
001 0187008351
005 20070803081302.82
010    @a7-80520-016-5@b精装@dCNY4.05
100    @a19900830d1987 em y0chiy0121 ea
101 0  @achi
102    @aCN@b430000
105    @ay z 000yy
200 10 @a白话史记@Abai hua shi ji@h上册@f(汉)司马迁著@g龙宇纯等译
210    @a长沙@c岳麓书社@d1987
215    @a583页@d19cm
517 1  @a史记@Ashi ji
605    @a史记@x译文
606    @a古代史-中国@x纪传体
607    @a中国@x古代史@x纪传体
690    @aK204.2@v3
701  0 @a司马迁@Asi ma qian@f汉@4著
702  0 @a罗宗涛@Aluo zong tao@4译
702  0 @a李振兴@Ali zhen xing@4译
702  0 @a龙宇纯@Along yu chun@4译
801  2 @aCN@bNLC@c20070803
801  0 @aCN@bTSSF
905    @a10447@dK204.2@e108:1
    
    白话史记.上册/(汉)司马迁著/龙宇纯等译.-长沙:岳麓书社,1987
    583页;19cm
    
    
    ISBN 7-80520-016-5(精装):CNY4.05
    
●
相关链接 在E读中查询图书 在五车中查询图书 在当当中查询图书 在豆瓣中查询图书


正题名:白话史记     索取号:K204.2/108:1         预约/预借

序号 登录号 条形码 馆藏地/架位号 状态 备注
1 0790166   207901662   第二样本阅览室/ [索取号:K204.2/108:1] 在馆    
唐山师范学院图书馆 欢迎您!
大连网信软件有限公司© 版权所有